| 000 | 00410 a2200157 4500 | ||
|---|---|---|---|
| 999 |
_c29318 _d29318 |
||
| 003 | NUST | ||
| 005 | 20180118142600.0 | ||
| 008 | 180118b xxu||||| |||| 00| 0 eng d | ||
| 020 | _a0471975737 | ||
| 020 | _a9780471975731 | ||
| 082 | 0 | 4 | _a530.43 |
| 100 | 1 |
_aTurrell, George. _98819 |
|
| 245 | 1 | 0 |
_aGas dynamics : _btheory and applications / _cGeorge Turrell. |
| 260 |
_a[S.l.] : _bWiley, _c1997. |
||
| 300 |
_a152 p. ; _c24 cm. |
||
| 700 |
_aTurrell, George. _98819 |
||
| 942 |
_aSNS _cBK _k530.43 TUR _2ddc |
||